Chansons de Jul - Album L'Ovni - Statistiques

Statistiques générales
  • Ce quiz a été pris 22 fois
  • Le résultat moyen est 13 sur 23
Statistiques - réponses
Ordre dans l'album Chansons % Correct
01 On m'appelle l'ovni
94%
02 C'est le son de la gratte
81%
23 Tchikita
75%
09 Elle et l'autre
69%
08 Je fais le sourd
69%
22 Mais qu'est-ce qu'on s'en bat les couilles !
69%
05 Qui a dit ?
69%
19 ¿ Cómo te Llamas ?
63%
07 E.T
63%
20 Je suis pas fou
56%
21 Carnalito
50%
06 Je dis rien, je vois tout, j'entends
50%
04 Je m'en fous de ta nana
50%
03 C'est ça
44%
17 Peu m'importe
44%
18 ¿ Qué Pasa ?
44%
10 Y'a pas de stress
44%
12 Ah c'est comme ça !
38%
11 J'ai dit...
38%
14 J'ai fumé ma ganja
38%
16 Je sais ce que je vaux
38%
15 Je te voyais comme...
38%
13 Jusqu'ici tout va bien
38%
Aucun quiz correspondant
Distribution des résultats
% des personnes avec chaque résultat
Percentile par nombre de réponses
Votre historique - résultats
Vous n’avez pas pris ce quiz